<?xml version="1.0" encoding="UTF-8"?>
<record
    xmlns:xsi="http://www.w3.org/2001/XMLSchema-instance"
    xsi:schemaLocation="http://www.loc.gov/MARC21/slim http://www.loc.gov/standards/marcxml/schema/MARC21slim.xsd"
    xmlns="http://www.loc.gov/MARC21/slim">

  <leader>00744nam a22002537a 4500</leader>
  <datafield tag="999" ind1=" " ind2=" ">
    <subfield code="c">124154</subfield>
    <subfield code="d">124154</subfield>
  </datafield>
  <controlfield tag="003">dpl</controlfield>
  <controlfield tag="005">20190123133236.0</controlfield>
  <controlfield tag="008">181218b           ||||| |||| 00| 0 eng d</controlfield>
  <datafield tag="010" ind1=" " ind2=" ">
    <subfield code="a">B-121697</subfield>
  </datafield>
  <datafield tag="020" ind1=" " ind2=" ">
    <subfield code="c">175.00</subfield>
    <subfield code="a">8178900912</subfield>
  </datafield>
  <datafield tag="035" ind1=" " ind2=" ">
    <subfield code="a">B-121697, B-121710</subfield>
  </datafield>
  <datafield tag="035" ind1=" " ind2=" ">
    <subfield code="a">B-121707</subfield>
  </datafield>
  <datafield tag="037" ind1=" " ind2=" ">
    <subfield code="b">Cen Lib/Ret</subfield>
  </datafield>
  <datafield tag="040" ind1=" " ind2=" ">
    <subfield code="a">DPL</subfield>
    <subfield code="b">EN</subfield>
    <subfield code="c">0</subfield>
  </datafield>
  <datafield tag="082" ind1=" " ind2=" ">
    <subfield code="a">480</subfield>
    <subfield code="b">FOS</subfield>
  </datafield>
  <datafield tag="100" ind1=" " ind2=" ">
    <subfield code="a">Foster, N.</subfield>
    <subfield code="9">9567</subfield>
  </datafield>
  <datafield tag="245" ind1=" " ind2=" ">
    <subfield code="a">English for special purpose /</subfield>
    <subfield code="c">by N. Foster</subfield>
  </datafield>
  <datafield tag="260" ind1=" " ind2=" ">
    <subfield code="a">New Delhi</subfield>
    <subfield code="b">IVY Publishing House</subfield>
    <subfield code="c">2004</subfield>
  </datafield>
  <datafield tag="270" ind1=" " ind2=" ">
    <subfield code="a">4740/23, Ansari Road , Daryaganj</subfield>
    <subfield code="b">New Delhi</subfield>
    <subfield code="e">110002</subfield>
  </datafield>
  <datafield tag="300" ind1=" " ind2=" ">
    <subfield code="a">109p.        </subfield>
    <subfield code="c">21cm(Hb)</subfield>
  </datafield>
  <datafield tag="650" ind1=" " ind2=" ">
    <subfield code="a">English language</subfield>
    <subfield code="9">1922</subfield>
  </datafield>
  <datafield tag="650" ind1=" " ind2=" ">
    <subfield code="a">English philology</subfield>
    <subfield code="9">9568</subfield>
  </datafield>
  <datafield tag="942" ind1=" " ind2=" ">
    <subfield code="2">ddc</subfield>
    <subfield code="c">EN</subfield>
    <subfield code="h">480</subfield>
    <subfield code="m">FOS</subfield>
  </datafield>
  <datafield tag="952" ind1=" " ind2=" ">
    <subfield code="0">0</subfield>
    <subfield code="1">0</subfield>
    <subfield code="4">0</subfield>
    <subfield code="7">0</subfield>
    <subfield code="a">L</subfield>
    <subfield code="b">L</subfield>
    <subfield code="d">2015-06-13</subfield>
    <subfield code="e">Cen Lib/Ret</subfield>
    <subfield code="g">0.00</subfield>
    <subfield code="l">7</subfield>
    <subfield code="o">480 FOS</subfield>
    <subfield code="p">B-121697</subfield>
    <subfield code="r">2021-09-16 00:00:00</subfield>
    <subfield code="s">2021-09-04</subfield>
    <subfield code="t">1</subfield>
    <subfield code="v">0.00</subfield>
    <subfield code="w">2015-06-13</subfield>
    <subfield code="y">EN</subfield>
  </datafield>
  <datafield tag="952" ind1=" " ind2=" ">
    <subfield code="0">0</subfield>
    <subfield code="1">0</subfield>
    <subfield code="2">ddc</subfield>
    <subfield code="4">0</subfield>
    <subfield code="7">0</subfield>
    <subfield code="8">NFIC</subfield>
    <subfield code="a">VV</subfield>
    <subfield code="b">VV</subfield>
    <subfield code="d">2018-12-18</subfield>
    <subfield code="e">BPPD/PUB</subfield>
    <subfield code="g">175.00</subfield>
    <subfield code="l">0</subfield>
    <subfield code="o">480 FOS</subfield>
    <subfield code="p">B-121710</subfield>
    <subfield code="r">2018-12-18 00:00:00</subfield>
    <subfield code="v">175.00</subfield>
    <subfield code="w">2018-12-18</subfield>
    <subfield code="y">EN</subfield>
  </datafield>
  <datafield tag="952" ind1=" " ind2=" ">
    <subfield code="0">0</subfield>
    <subfield code="1">0</subfield>
    <subfield code="2">ddc</subfield>
    <subfield code="4">0</subfield>
    <subfield code="7">0</subfield>
    <subfield code="8">NFIC</subfield>
    <subfield code="a">QRP</subfield>
    <subfield code="b">QRP</subfield>
    <subfield code="d">2019-01-23</subfield>
    <subfield code="e">IVY Publishing House</subfield>
    <subfield code="f">175.00</subfield>
    <subfield code="l">1</subfield>
    <subfield code="o">480 FOS</subfield>
    <subfield code="p">B-121707</subfield>
    <subfield code="r">2019-02-09 00:00:00</subfield>
    <subfield code="s">2019-01-23</subfield>
    <subfield code="t">5+1</subfield>
    <subfield code="v">175.00</subfield>
    <subfield code="w">2019-01-23</subfield>
    <subfield code="y">EN</subfield>
  </datafield>
  <datafield tag="952" ind1=" " ind2=" ">
    <subfield code="0">0</subfield>
    <subfield code="1">0</subfield>
    <subfield code="2">ddc</subfield>
    <subfield code="4">0</subfield>
    <subfield code="7">0</subfield>
    <subfield code="8">NFIC</subfield>
    <subfield code="a">YV</subfield>
    <subfield code="b">YV</subfield>
    <subfield code="d">2019-10-12</subfield>
    <subfield code="e">BPPD/PUB</subfield>
    <subfield code="g">175.00</subfield>
    <subfield code="l">1</subfield>
    <subfield code="o">480 FOS</subfield>
    <subfield code="p">B-121709</subfield>
    <subfield code="r">2019-10-12 00:00:00</subfield>
    <subfield code="s">2019-10-12</subfield>
    <subfield code="v">175.00</subfield>
    <subfield code="w">2019-10-12</subfield>
    <subfield code="y">EN</subfield>
  </datafield>
</record>
